000 00542nam a2200193Ia 4500
005 20250508152522.0
008 008 250505s9999 xx 000 0 eng d
037 _aTextual
040 _aFEDL
_beng
_cFEDL
041 _aeng
_2eng
084 _a421.5, LAD
_qFEDL
100 _aLado Robert
245 0 _aEnglish pronunciation: Exercises in sound segments intonation, and rhythm
260 _c1954
300 _aviii,196p.
700 _a Fries Charles C
_9761681
942 _cTEXL
_h421.5, LAD
999 _c1336947
_d1336947